00545nam a22001817a 450000500170000001000150001702000250003203500130005703700130007008200150008310000180009824500830011626000300019927000570022930000220028650000410030865000140034920100823123651.0 aENG-101334 a9788189833503c50.00 aEN-84867 bDBAD/PUB a324.268075 aGhosh, Pothik aAkhtaruzzaman Elias : bBeyond the lived time of nationhood /cby Pothik Ghosh aDelhibAakar Books c2008 a28 E Pocket IV, Mayur Vihar Phase 1, bDelhie110091 a47 p.c21cm (Pbk) aIncludes bibliographical references  aComnnuism